[Event "World School-ch U13"]
[Site "Antalya"]
[Date "2019.04.26"]
[Round "9"]
[White "Yavuz, Efe Metehan"]
[Black "Cakir, Ege"]
[Result "1-0"]
[WhiteElo "1988"]
[BlackElo "1746"]
[PlyCount "143"]
[EventDate "2019.04.18"]
[EventType "swiss"]
[EventRounds "9"]
[EventCountry "TUR"]
[SourceTitle "CBM 190 Extra"]
[Source "ChessBase"]
[SourceDate "2019.07.15"]
[SourceVersion "1"]
[SourceVersionDate "2019.07.15"]
[SourceQuality "1"]

1. e4 g6 2. d4 Bg7 3. Nc3 d6 4. f4 Nf6 5. Nf3 0-0 6. e5 dxe5 7. fxe5 Nh5 8. Be3 Nc6 9. Qd2 f6 10. Bc4+ Kh8 11. exf6 exf6 12. 0-0-0 Bg4 13. Be2 Ne7 14. h3 Bxf3 15. Bxf3 Ng3 16. Rhe1 Rb8 17. Kb1 Ngf5 18. Bf2 Nd6 19. Ne4 Nxe4 20. Bxe4 Qd7 21. g4 f5 22. gxf5 Nxf5 23. h4 Bf6 24. h5 g5 25. Qd3 Nd6 26. Bd5 Qf5 27. Qxf5 Nxf5 28. Be6 Ng7 29. Bg4 h6 30. Bg3 Rf7 31. Rf1 Rbf8 32. d5 Ne8 33. Be6 Re7 34. Be1 Nd6 35. Bb4 Kg7 36. c4 b6 37. Rf3 Nxc4 38. Bxe7 Bxe7 39. Rxf8 Bxf8 40. Rc1 Nd2+ 41. Kc2 Ne4 42. Kd3 Nc5+ 43. Kd4 Nxe6+ 44. dxe6 Bd6 45. Rf1 Bf4 46. e7 Kf7 47. Re1 Ke8 48. Re6 g4 49. Ke4 Bg5 50. Rc6 Kxe7 51. Rxc7+ Kf6 52. Rxa7 Bd2 53. Rd7 Bc1 54. Rd1 Bxb2 55. Kf4 Ba3 56. Kxg4 Ke5 57. Re1+ Kf6 58. Rb1 Bc5 59. Rb5 Bg1 60. Kf4 Bh2+ 61. Ke4 Bg1 62. Kd5 Kg5 63. Kc6+ Kg4 64. a4 Kh4 65. Rxb6 Kxh5 66. a5 Kg4 67. a6 h5 68. a7 h4 69. a8Q Bxb6 70. Kxb6 Kg3 71. Qh1 h3 72. Kc5 1-0

[Event "World School-ch U13"]
[Site "Antalya"]
[Date "2019.04.24"]
[Round "7"]
[White "Yavuz, Efe Metehan"]
[Black "Garv, Gaur"]
[Result "1/2-1/2"]
[WhiteElo "1988"]
[BlackElo "1711"]
[PlyCount "91"]
[EventDate "2019.04.18"]
[EventType "swiss"]
[EventRounds "9"]
[EventCountry "TUR"]
[SourceTitle "CBM 190 Extra"]
[Source "ChessBase"]
[SourceDate "2019.07.15"]
[SourceVersion "1"]
[SourceVersionDate "2019.07.15"]
[SourceQuality "1"]

1. e4 c6 2. d4 d5 3. exd5 cxd5 4. c4 Nf6 5. Nc3 e6 6. Nf3 Be7 7. a3 0-0 8. c5 b6 9. b4 a5 10. Be3 Ne4 11. Nxe4 dxe4 12. Ne5 Bb7 13. Bb5 Bd5 14. 0-0 f5 15. f3 exf3 16. Nxf3 Nc6 17. Rb1 axb4 18. axb4 Ra2 19. Bxc6 Bxc6 20. b5 Be4 21. Ra1 Rb2 22. Qc1 Rc2 23. Qa3 Qd5 24. Rf2 Rxf2 25. Bxf2 bxc5 26. dxc5 Bf6 27. Re1 Ra8 28. Qe3 Bb2 29. Ng5 Ra4 30. Qh3 h6 31. Nxe4 fxe4 32. c6 Rc4 33. Qb3 Bd4 34. Bxd4 Qxd4+ 35. Qe3 Qb2 36. Qh3 Qxb5 37. Qxe6+ Kh7 38. c7 Qc5+ 39. Kh1 Qxc7 40. h3 Qg3 41. Qf5+ Qg6 42. Qd5 Rb4 43. Kh2 Qg5 44. Qxg5 hxg5 45. Kg3 Kg6 46. Rc1 1/2-1/2

[Event "Wch U12"]
[Site "Santiago de Compostela"]
[Date "2018.11.07"]
[Round "3"]
[White "Maurizzi, Marc Andria"]
[Black "Yavuz, Efe Metehan"]
[Result "1/2-1/2"]
[WhiteElo "2103"]
[BlackElo "1828"]
[PlyCount "100"]
[EventDate "2018.11.04"]
[EventType "swiss"]
[EventRounds "11"]
[EventCountry "ESP"]
[SourceTitle "EXT 2022"]
[Source "ChessBase"]
[SourceDate "2021.10.06"]
[SourceVersion "1"]
[SourceVersionDate "2021.10.06"]
[SourceQuality "1"]

1. e4 e5 2. Nf3 Nf6 3. Nxe5 d6 4. Nf3 Nxe4 5. Nc3 Nxc3 6. dxc3 Be7 7. Be3 0-0 8. Qd2 Nc6 9. 0-0-0 Be6 10. Kb1 Ne5 11. Nd4 Nc4 12. Qe1 Qd7 13. Nxe6 Qxe6 14. Bc1 Nb6 15. Qxe6 fxe6 16. f4 Rae8 17. g3 Bf6 18. Bg2 d5 19. Be3 Nc4 20. Bc5 Rf7 21. f5 c6 22. fxe6 Rxe6 23. Rhe1 Nd2+ 24. Ka1 Rxe1 25. Rxe1 Ne4 26. Bxa7 h6 27. a3 Nd6 28. Bh3 Nb5 29. Bc5 b6 30. Bxb6 Rb7 31. Ba5 Nxa3 32. bxa3 Rb5 33. Bb4 Rxb4 34. axb4 Bxc3+ 35. Ka2 Bxe1 36. Kb3 Kf7 37. Bd7 c5 38. bxc5 Ke7 39. Bf5 Kd8 40. Be6 Kc7 41. Bxd5 Bf2 42. Kc4 Bg1 43. h3 Bf2 44. g4 Be3 45. c6 Bd2 46. Kd3 Bg5 47. Ke4 Bf6 48. Kf5 Bc3 49. Ke6 Bd4 50. Kf7 Bc3 1/2-1/2